000 01080nam a22003257a 4500
003 CHAP
005 20220817042549.0
008 971013s1984 r 00010 d
010 _a48186
011 _a49158
035 _a53306
040 _cCHAP
090 _aTesis
100 0 0 _aVázquez del Mercado V., Héctor.
_9120338
245 _aEvaluación forrajera de la vegetación arbustiva en el municipio de Villaaldama, N.L.
260 _aMonterrey, N.L. :
_bEl autor,
_c1984
300 _a34 h.
502 _aTesis (Ing. Agrónomo Esp. en Zootecnia) -- ITESM. Div. de Ciencias Agropecuarias y Marítimas
590 _aALEPH
_b10
_c20130110
_lUCH01
_h1319
590 _aBATCH-UPD
_b10
_c20130110
_lUCH01
_h1205
590 _aBATCH-UPD
_b10
_c20130410
_lUCH01
_h0747
590 _aBATCH-UPD
_b10
_c20130914
_lUCH01
_h1848
590 _aCONVERSION
_b10
_c20130109
_lUCH01
_h1326
650 1 4 _aArboles como forraje.
650 1 4 _aÁrboles
_xNuevo Leon.
_96630
650 1 4 _aArbustos.
_96713
901 _aBK
942 _cTESIS
949 _bBC
_cTES
_d-118289
_eTS1
_h17795
_i53306
_si
999 _c48186
_d48186